Vincitori della Scarpa D'oro - Statistics

Statistiche generali
  • Questo quiz è stato fatto 59 volte
  • Il punteggio medio è 25 su 58
Statistiche sulle risposte
Season Club Risposta % Corretto
2014-15 Real Madrid Cristiano Ronaldo
100%
2013-14 Real Madrid Cristiano Ronaldo
100%
2010-11 Real Madrid Cristiano Ronaldo
100%
2007-08 Manchester United Cristiano Ronaldo
100%
2018-19 Barcelona Lionel Messi
100%
2017-18 Barcelona Lionel Messi
100%
2016-17 Barcelona Lionel Messi
100%
2012-13 Barcelona Lionel Messi
100%
2011-12 Barcelona Lionel Messi
100%
2009-10 Barcelona Lionel Messi
100%
2019-20 Lazio Ciro Immobile
98%
2021-22 Bayern Munich Robert Lewandowski
96%
2020-21 Bayern Munich Robert Lewandowski
96%
1996-97 Barcelona Ronaldo
96%
2015-16 Barcelona Luis Suarez
94%
Liverpool Luis Suarez
94%
2006-07 Roma Francesco Totti
91%
Arsenal Thierry Henry
79%
2003-04 Arsenal Thierry Henry
79%
2005-06 Fiorentina Luca Toni
77%
2008-09 Atlético Madrid Diego Forlan
51%
2004-05 Villarreal Diego Forlan
51%
1972-73 Benfica Eusebio
51%
1967-68 Benfica Eusebio
51%
1971-72 Bayern Munich Gerd Müller
47%
1969-70 Bayern Munich Gerd Müller
47%
1985-86 Ajax Marco van Basten
38%
1983-84 Liverpool Ian Rush
26%
2000-01 Celtic Henrik Larsson
21%
2001-02 Sporting CP Mario Jardel
21%
1998-99 Porto Mario Jardel
21%
2002-03 Deportivo La Coruña Roy Makaay
13%
1989-90 Real Madrid Hugo Sanchez
11%
1990-91 Red Star Belgrade Darko Pancev
9%
CSKA Sofia Hristo Stoichkov
9%
1999-00 Sunderland Kevin Phillips
8%
1992-93 Rangers Ally McCoist
6%
1991-92 Rangers Ally McCoist
6%
1977-78 Rapid Wien Hans Krankl
6%
1997-98 Vitesse Nikos Machlas
6%
1987-88 Galatasaray Tanju Colak
6%
1994-95 Homenetmen Arsen Avetisyan
4%
1993-94 Porthmadog David Taylor
4%
1988-89 Dinamo București Dorin Mateut
4%
1976-77 Dinamo București Dudu Georgescu
4%
1974-75 Dinamo București Dudu Georgescu
4%
1979-80 Lierse Erwin Vandenbergh
4%
1984-85 Porto Fernando Gomes
4%
1982-83 Porto Fernando Gomes
4%
1980-81 Botev Plovdiv Georgi Slavkov
4%
1973-74 Sporting CP Hector Yazalde
4%
1970-71 Marseille Josip Skoblar
4%
1978-79 AZ Kees Kist
4%
1975-76 Omonia Nicosia Sotiris Kaiafas
4%
1986-87 Austria Wien Toni Polster
4%
1981-82 Ajax Wim Kieft
4%
1995-96 Margveti Zviad Endeladze
4%
1968-69 CSKA Sofia Petar Zhekov
0%
Nessun quiz corrispondente trovato
Distribuzione punteggi
Percentuale di utenti per punteggio
Percentile per numero di risposta
I tuoi punteggi nel tempo
Non hai fatto questo quiz